<?xml version="1.0" encoding="UTF-8"?>
<record
    xmlns:xsi="http://www.w3.org/2001/XMLSchema-instance"
    xsi:schemaLocation="http://www.loc.gov/MARC21/slim http://www.loc.gov/standards/marcxml/schema/MARC21slim.xsd"
    xmlns="http://www.loc.gov/MARC21/slim">

  <leader>00751    a2200241   4500</leader>
  <controlfield tag="005">20260505105546.0</controlfield>
  <controlfield tag="008">260504b        |||||||| |||| 00| 0 eng d</controlfield>
  <datafield tag="020" ind1=" " ind2=" ">
    <subfield code="a">9788720352681</subfield>
  </datafield>
  <datafield tag="040" ind1=" " ind2=" ">
    <subfield code="a">CSL</subfield>
    <subfield code="c">CSL</subfield>
  </datafield>
  <datafield tag="041" ind1=" " ind2=" ">
    <subfield code="2">eng</subfield>
    <subfield code="a">eng</subfield>
  </datafield>
  <datafield tag="084" ind1=" " ind2=" ">
    <subfield code="a">D65,2 R5-;11</subfield>
    <subfield code="q">CSL</subfield>
  </datafield>
  <datafield tag="100" ind1=" " ind2=" ">
    <subfield code="a">Kunar, A. Anand</subfield>
    <subfield code="9">1114289</subfield>
    <subfield code="e">author</subfield>
  </datafield>
  <datafield tag="245" ind1=" " ind2=" ">
    <subfield code="a">Fundamentals of digital circuits</subfield>
  </datafield>
  <datafield tag="250" ind1=" " ind2=" ">
    <subfield code="a">4th</subfield>
  </datafield>
  <datafield tag="260" ind1=" " ind2=" ">
    <subfield code="a">Delhi :</subfield>
    <subfield code="b">PHI Learning,</subfield>
    <subfield code="c">2025.</subfield>
  </datafield>
  <datafield tag="300" ind1=" " ind2=" ">
    <subfield code="a">xxx, 1070p.</subfield>
    <subfield code="b">: ill.</subfield>
    <subfield code="c">; 23 cm.</subfield>
  </datafield>
  <datafield tag="500" ind1=" " ind2=" ">
    <subfield code="a">Includes appendix, glossary and index</subfield>
  </datafield>
  <datafield tag="650" ind1=" " ind2=" ">
    <subfield code="a">Sequential circuits</subfield>
  </datafield>
  <datafield tag="650" ind1=" " ind2=" ">
    <subfield code="a">Shift registers</subfield>
    <subfield code="9">1238465</subfield>
  </datafield>
  <datafield tag="650" ind1=" " ind2=" ">
    <subfield code="a">Threshold logic</subfield>
    <subfield code="9">1238466</subfield>
  </datafield>
  <datafield tag="650" ind1=" " ind2=" ">
    <subfield code="a">Logic gates</subfield>
    <subfield code="9">1238467</subfield>
  </datafield>
  <datafield tag="942" ind1=" " ind2=" ">
    <subfield code="c">TEXL</subfield>
    <subfield code="2">CC</subfield>
    <subfield code="e">4th</subfield>
    <subfield code="h">D65,2 R5-;11</subfield>
  </datafield>
  <datafield tag="999" ind1=" " ind2=" ">
    <subfield code="c">1678838</subfield>
    <subfield code="d">1678838</subfield>
  </datafield>
  <datafield tag="952" ind1=" " ind2=" ">
    <subfield code="0">0</subfield>
    <subfield code="1">0</subfield>
    <subfield code="2">CC</subfield>
    <subfield code="4">0</subfield>
    <subfield code="7">0</subfield>
    <subfield code="a">FTL</subfield>
    <subfield code="b">CSL</subfield>
    <subfield code="d">2026-04-09</subfield>
    <subfield code="e">103</subfield>
    <subfield code="g">956.00</subfield>
    <subfield code="l">0</subfield>
    <subfield code="o">D65,2 R5;10</subfield>
    <subfield code="p">FT1793639</subfield>
    <subfield code="r">2026-04-09 00:00:00</subfield>
    <subfield code="v">1195.00</subfield>
    <subfield code="w">2026-04-09</subfield>
    <subfield code="y">TEXL</subfield>
  </datafield>
  <datafield tag="952" ind1=" " ind2=" ">
    <subfield code="0">0</subfield>
    <subfield code="1">0</subfield>
    <subfield code="2">CC</subfield>
    <subfield code="4">0</subfield>
    <subfield code="7">0</subfield>
    <subfield code="a">FTL</subfield>
    <subfield code="b">CSL</subfield>
    <subfield code="d">2026-04-09</subfield>
    <subfield code="e">103</subfield>
    <subfield code="g">956.00</subfield>
    <subfield code="l">0</subfield>
    <subfield code="o">D65,2 R5;11</subfield>
    <subfield code="p">FT1793640</subfield>
    <subfield code="r">2026-04-09 00:00:00</subfield>
    <subfield code="v">1195.00</subfield>
    <subfield code="w">2026-04-09</subfield>
    <subfield code="y">TEXL</subfield>
  </datafield>
  <datafield tag="952" ind1=" " ind2=" ">
    <subfield code="0">0</subfield>
    <subfield code="1">0</subfield>
    <subfield code="2">CC</subfield>
    <subfield code="4">0</subfield>
    <subfield code="7">0</subfield>
    <subfield code="a">FTL</subfield>
    <subfield code="b">CSL</subfield>
    <subfield code="d">2026-04-13</subfield>
    <subfield code="e">103</subfield>
    <subfield code="g">956.00</subfield>
    <subfield code="l">0</subfield>
    <subfield code="o">D65,2 R5</subfield>
    <subfield code="p">FT1793374</subfield>
    <subfield code="r">2026-04-13 00:00:00</subfield>
    <subfield code="v">1195.00</subfield>
    <subfield code="w">2026-04-13</subfield>
    <subfield code="y">TEXL</subfield>
  </datafield>
  <datafield tag="952" ind1=" " ind2=" ">
    <subfield code="0">0</subfield>
    <subfield code="1">0</subfield>
    <subfield code="2">CC</subfield>
    <subfield code="4">0</subfield>
    <subfield code="7">0</subfield>
    <subfield code="a">FTL</subfield>
    <subfield code="b">CSL</subfield>
    <subfield code="d">2026-04-13</subfield>
    <subfield code="e">103</subfield>
    <subfield code="g">956.00</subfield>
    <subfield code="l">0</subfield>
    <subfield code="o">D65,2 R5;1</subfield>
    <subfield code="p">FT1793375</subfield>
    <subfield code="r">2026-04-13 00:00:00</subfield>
    <subfield code="v">1195.00</subfield>
    <subfield code="w">2026-04-13</subfield>
    <subfield code="y">TEXL</subfield>
  </datafield>
  <datafield tag="952" ind1=" " ind2=" ">
    <subfield code="0">0</subfield>
    <subfield code="1">0</subfield>
    <subfield code="2">CC</subfield>
    <subfield code="4">0</subfield>
    <subfield code="7">0</subfield>
    <subfield code="a">FTL</subfield>
    <subfield code="b">CSL</subfield>
    <subfield code="d">2026-04-13</subfield>
    <subfield code="e">103</subfield>
    <subfield code="g">956.00</subfield>
    <subfield code="l">0</subfield>
    <subfield code="o">D65,2 R5;2</subfield>
    <subfield code="p">FT1793376</subfield>
    <subfield code="r">2026-04-13 00:00:00</subfield>
    <subfield code="v">1195.00</subfield>
    <subfield code="w">2026-04-13</subfield>
    <subfield code="y">TEXL</subfield>
  </datafield>
  <datafield tag="952" ind1=" " ind2=" ">
    <subfield code="0">0</subfield>
    <subfield code="1">0</subfield>
    <subfield code="2">CC</subfield>
    <subfield code="4">0</subfield>
    <subfield code="7">0</subfield>
    <subfield code="a">FTL</subfield>
    <subfield code="b">CSL</subfield>
    <subfield code="d">2026-04-13</subfield>
    <subfield code="e">103</subfield>
    <subfield code="g">956.00</subfield>
    <subfield code="l">0</subfield>
    <subfield code="o">D65,2 R5;3</subfield>
    <subfield code="p">FT1793377</subfield>
    <subfield code="r">2026-04-13 00:00:00</subfield>
    <subfield code="v">1195.00</subfield>
    <subfield code="w">2026-04-13</subfield>
    <subfield code="y">TEXL</subfield>
  </datafield>
  <datafield tag="952" ind1=" " ind2=" ">
    <subfield code="0">0</subfield>
    <subfield code="1">0</subfield>
    <subfield code="2">CC</subfield>
    <subfield code="4">0</subfield>
    <subfield code="7">0</subfield>
    <subfield code="a">FTL</subfield>
    <subfield code="b">CSL</subfield>
    <subfield code="d">2026-04-13</subfield>
    <subfield code="e">103</subfield>
    <subfield code="g">956.00</subfield>
    <subfield code="l">0</subfield>
    <subfield code="o">D65,2 R5;4</subfield>
    <subfield code="p">FT1793378</subfield>
    <subfield code="r">2026-04-13 00:00:00</subfield>
    <subfield code="v">1195.00</subfield>
    <subfield code="w">2026-04-13</subfield>
    <subfield code="y">TEXL</subfield>
  </datafield>
  <datafield tag="952" ind1=" " ind2=" ">
    <subfield code="0">0</subfield>
    <subfield code="1">0</subfield>
    <subfield code="2">CC</subfield>
    <subfield code="4">0</subfield>
    <subfield code="7">0</subfield>
    <subfield code="a">FTL</subfield>
    <subfield code="b">CSL</subfield>
    <subfield code="d">2026-04-13</subfield>
    <subfield code="e">103</subfield>
    <subfield code="g">956.00</subfield>
    <subfield code="l">0</subfield>
    <subfield code="o">D65,2 R5;5</subfield>
    <subfield code="p">FT1793379</subfield>
    <subfield code="r">2026-04-13 00:00:00</subfield>
    <subfield code="v">1195.00</subfield>
    <subfield code="w">2026-04-13</subfield>
    <subfield code="y">TEXL</subfield>
  </datafield>
  <datafield tag="952" ind1=" " ind2=" ">
    <subfield code="0">0</subfield>
    <subfield code="1">0</subfield>
    <subfield code="2">CC</subfield>
    <subfield code="4">0</subfield>
    <subfield code="7">0</subfield>
    <subfield code="a">FTL</subfield>
    <subfield code="b">CSL</subfield>
    <subfield code="d">2026-04-13</subfield>
    <subfield code="e">103</subfield>
    <subfield code="g">956.00</subfield>
    <subfield code="l">0</subfield>
    <subfield code="o">D65,2 R5;6</subfield>
    <subfield code="p">FT1793380</subfield>
    <subfield code="r">2026-04-13 00:00:00</subfield>
    <subfield code="v">1195.00</subfield>
    <subfield code="w">2026-04-13</subfield>
    <subfield code="y">TEXL</subfield>
  </datafield>
  <datafield tag="952" ind1=" " ind2=" ">
    <subfield code="0">0</subfield>
    <subfield code="1">0</subfield>
    <subfield code="2">CC</subfield>
    <subfield code="4">0</subfield>
    <subfield code="7">0</subfield>
    <subfield code="a">FTL</subfield>
    <subfield code="b">CSL</subfield>
    <subfield code="d">2026-04-13</subfield>
    <subfield code="e">103</subfield>
    <subfield code="g">956.00</subfield>
    <subfield code="l">0</subfield>
    <subfield code="o">D65,2 R5;7</subfield>
    <subfield code="p">FT1793381</subfield>
    <subfield code="r">2026-04-13 00:00:00</subfield>
    <subfield code="v">1195.00</subfield>
    <subfield code="w">2026-04-13</subfield>
    <subfield code="y">TEXL</subfield>
  </datafield>
  <datafield tag="952" ind1=" " ind2=" ">
    <subfield code="0">0</subfield>
    <subfield code="1">0</subfield>
    <subfield code="2">CC</subfield>
    <subfield code="4">0</subfield>
    <subfield code="7">0</subfield>
    <subfield code="a">FTL</subfield>
    <subfield code="b">CSL</subfield>
    <subfield code="d">2026-04-13</subfield>
    <subfield code="e">103</subfield>
    <subfield code="g">956.00</subfield>
    <subfield code="l">0</subfield>
    <subfield code="o">D65,2 R5;8</subfield>
    <subfield code="p">FT1793382</subfield>
    <subfield code="r">2026-04-13 00:00:00</subfield>
    <subfield code="v">1195.00</subfield>
    <subfield code="w">2026-04-13</subfield>
    <subfield code="y">TEXL</subfield>
  </datafield>
  <datafield tag="952" ind1=" " ind2=" ">
    <subfield code="0">0</subfield>
    <subfield code="1">0</subfield>
    <subfield code="2">CC</subfield>
    <subfield code="4">0</subfield>
    <subfield code="7">0</subfield>
    <subfield code="a">FTL</subfield>
    <subfield code="b">CSL</subfield>
    <subfield code="d">2026-04-13</subfield>
    <subfield code="e">103</subfield>
    <subfield code="g">956.00</subfield>
    <subfield code="l">0</subfield>
    <subfield code="o">D65,2 R5;9</subfield>
    <subfield code="p">FT1793383</subfield>
    <subfield code="r">2026-04-13 00:00:00</subfield>
    <subfield code="v">1195.00</subfield>
    <subfield code="w">2026-04-13</subfield>
    <subfield code="y">TEXL</subfield>
  </datafield>
</record>
